000 00545cam a2200145 4500
082 _a627.52
_bUNE
_cL-18, P-9
245 1 0 _aSalinity problems in the arid zones;
_bproceedings. Les problèmes de la salinité dans les régions arides; actes.
260 _a[Paris]
_bUnesco
_c[1961]
300 _a395 p.
_billus., maps, diagrs., tables.
_c28 cm.
490 1 _aArid zone research, 14. Recherches sur la zone aride,
526 _a0
_b0
_c0
_d627_520000000000000_UNE
650 0 _aMCE
_9379
650 0 _aSalinity
_xArid regions.
_944026
942 _2ddc
_cBK
999 _c547878
_d547878